| 000 | 00686nam a2200217Ia 4500 | ||
|---|---|---|---|
| 003 | GCL | ||
| 005 | 20240530102048.0 | ||
| 008 | 140319s9999 xx 000 0 ara d | ||
| 040 |
_aGCL / _cGCL |
||
| 082 | 0 | 4 |
_a320.03 _bم/م م |
| 100 | 1 | _aاسماعيل صبرى مقلد | |
| 245 | 1 | 0 |
_aموسوعة العلوم السياسية / _cاسماعيل صبرى مقلد |
| 260 |
_a[S.N] : _bجامعة الكويت ، _c1994 |
||
| 300 |
_a1987 ص ؛ _c29 سم |
||
| 650 | 0 | 4 | _aالسياسة |
| 650 | 0 | 4 | _aالاجتماع |
| 700 | 1 | _aمحمد محمود ربيع | |
| 700 | 1 | _aصادق محمد البسام | |
| 700 | 1 | _aشعيب عبدالله شعيب | |
| 942 |
_2ddc _cREF |
||
| 999 |
_c29525 _d29525 |
||